Toni Kroos Alle Titel/Erfolge - Statistiken

Allgemein
  • Dieses Quiz wurde 82 mal gespielt
  • Das Durchschnittsergebnis liegt bei 7 aus 14
Antwortstatistiken
Anzahl Team Antwort % Korrekt
3x Bayern München Deutscher Meister
95%
1x Deutschland Weltmeisterschaft 2014
94%
6x Bayern München/Real Madrid Champions League
92%
4x Real Madrid Spanischer Meister
92%
3x Bayern München DFB-Pokal
74%
1x Real Madrid Spanischer Pokalsieger
51%
1x Bayern München Deutscher Supercup
43%
1x Bayern München U 19 Meister A-Junioren Bundesliga Süd/Südwest
32%
6x Bayern München/Real Madrid Klub-Weltmeisterschaft
31%
4x Real Madrid Spanischer Supercup
31%
5x Bayern München/Real Madrid UEFA-Supercup
30%
1x Deutschland U17 Spieler der U-17 WM 2007
8%
1x Deutschland/Real Madrid Deutscher Fußballer des Jahres 2018
5%
1x Deutschland U 17 Torschützenkönig U-17 EM 2007
5%
Keine übereinstimmenden Quizze gefunden
Verteilung der Resultate
Anzahl Personen mit jedem Resultat
Perzentil nach korrekt beantworteten Fragen
Ihre Resultats-Entwicklung
Sie haben dieses Quiz noch nicht gespielt